zpět

Detail výsledku týmu

Music Bar Forea, Lanškroun

Datum a čas kvízu

32.5 Celkem bodů Celkový počet nahraných bodů na tomto kvízu bez doplňovacích otázek.
4. Pořadí na kvízu Konečné umístění týmu na tomto kvízu.

Zaznamenané odpovědi

# Otázka Odpověď Body Výsledky
1. Čtveřice samců kriticky ohrože... C) sudokopytníci 1
2. U pobřeží kterého severoitalsk... u Terstu 0
3. Minulý týden jsme se dozvěděli... Django; Zorro 1
4. V arménském hlavním městě Jere... o osla 1
5. Minulý týden skončilo mistrovs... třetí 0.5
6. Ve filmu Sedm sledujeme detekt... závist (J. Doe), hněv (detektiv Mills) 0
7. Tato fotka je známým interneto... Americké psycho 0
8. Postava Karla Kopfrkingla je p... chrám smrti 0
9. Přiřaďte zločince k jejich fil... 1A 2D 3B 4C 0
10. Mladý syn se poprvé přímo zapo... Kmotr, Mario Puzo 1